000 00453cam a22001932a 4500
001 022187
003 AR-FADEU
008 311216n1975####xxu####################dd
092 _aD348.305
_bC357
100 _aCatalano, Edmundo Fernando
245 _aCurso de derecho minero
250 _a4a. ed
260 _aBuenos Aires
260 _bVĂ­ctor P. de Zavalia
260 _c1975
300 _a523 p
650 _aDERECHO MINERO
942 _cBDGR
999 _c27890
_d27890